书目信息 |
| 题名: |
新实体 新未来
|
|
| 作者: | 邢品玲 , 杜凤林 著 | |
| 分册: | ||
| 出版信息: | 北京 人民邮电出版社 2020.08 |
|
| 页数: | 190页 | |
| 开本: | 24cm | |
| 丛书名: | ||
| 单 册: | ||
| 中图分类: | F721.7 | |
| 科图分类: | ||
| 主题词: | 妇女--日用品--零售商店--商业经营--研究--中国 , 儿童--日用品--零售商店--商业经营--研究--中国 | |
| 电子资源: | ||
| ISBN: | 978-7-115-54375-2 | |
| 000 | 01310nam0 2200265 450 | |
| 001 | 0102100422 | |
| 005 | 20210402100821.0 | |
| 010 | @a978-7-115-54375-2@dCNY59.80 | |
| 100 | @a20200928d2020 em y0chiy50 ea | |
| 101 | 0 | @achi |
| 102 | @aCN@b110000 | |
| 105 | @aa z 000yy | |
| 106 | @ar | |
| 200 | 1 | @a新实体 新未来@Axin shi ti xin wei lai@e播商和新社群重新定义实体商业@f邢品玲, 杜凤林著 |
| 210 | @a北京@c人民邮电出版社@d2020.08 | |
| 215 | @a190页@c图@d24cm | |
| 330 | @a在新零售环境下,传统实体企业面临着诸多发展难题,实体企业要想突围,就必须借助播商、社群等新渠道、新业态。《新实体新未来:播商和新社群重新定义实体商业》详细介绍了母婴品牌贝贝拉姆以德连社为媒介,通过社群赋能实体企业,推动新实体经济落地和发展的方法与实践路径。全书共分8章,主要从社群商业、德连社、平台赋能、内容输出、全民播商、私域流量和获客引流等方面详细阐述了新实体经济背景下实体企业如何更好地运用播商和社群思维助力自身实现转型升级。 | |
| 517 | 1 | @a播商和新社群重新定义实体商业@Abo shang he xin she qun zhong xin ding yi shi ti shang ye |
| 606 | 0 | @a妇女@x日用品@x零售商店@x商业经营@x研究@y中国 |
| 606 | 0 | @a儿童@x日用品@x零售商店@x商业经营@x研究@y中国 |
| 690 | @aF721.7@v5 | |
| 701 | 0 | @a邢品玲@Axing pin ling@4著 |
| 701 | 0 | @a杜凤林@Adu feng lin@4著 |
| 801 | 0 | @aCN@bBJSZM@c20210402 |
| 905 | @b1275973-4@dF721.7@e117@f2 | |
| 新实体 新未来:播商和新社群重新定义实体商业/邢品玲, 杜凤林著.-北京:人民邮电出版社,2020.08 |
| 190页:图;24cm |
| ISBN 978-7-115-54375-2:CNY59.80 |
| 在新零售环境下,传统实体企业面临着诸多发展难题,实体企业要想突围,就必须借助播商、社群等新渠道、新业态。《新实体新未来:播商和新社群重新定义实体商业》详细介绍了母婴品牌贝贝拉姆以德连社为媒介,通过社群赋能实体企业,推动新实体经济落地和发展的方法与实践路径。全书共分8章,主要从社群商业、德连社、平台赋能、内容输出、全民播商、私域流量和获客引流等方面详细阐述了新实体经济背景下实体企业如何更好地运用播商和社群思维助力自身实现转型升级。 |
| ● |
| 相关链接 |
|
|
|
|
正题名:新实体 新未来
索取号:F721.7/117
 
预约/预借
| 序号 | 登录号 | 条形码 | 馆藏地/架位号 | 状态 | 备注 |
| 1 | 1275973 | 212759736 | 第一样本阅览室/ [索取号:F721.7/117] | 在馆 | |
| 2 | 1275974 | 212759745 | 教育系资料室/ [索取号:F721.7/117] | 在馆 |